Organizácia a kultúra

Salvato in:
Dettagli Bibliografici
Autore principale: Šajgalíková, Helena
Altri autori: Bajzíková, Ľubica, Balhar, Víťazoslav, Višňovský, Jozef
Natura: Libro
Lingua:slovacco
Pubblicazione: Bratislava Ofprint 2013
Edizione:1. vyd.
Soggetti:
Tags: Aggiungi Tag
Nessun Tag, puoi essere il primo ad aggiungerne!!

MARC

LEADER 00000nam a2200000 4500
001 0176629
005 20240502073018.7
020 |a 978-80-89037-35-3 
041 0 |a slo 
044 |a SK 
245 1 0 |a Organizácia a kultúra  |c Helena Šajgalíková, Ľubica Bajzíková ; recenzenti Víťazoslav Balhar, Jozef Višňovský 
250 |a 1. vyd. 
264 1 |a Bratislava  |b Ofprint  |c 2013 
300 |a 241 s. [14,95 AH] 
610 2 0 |a kultúra podniková 
610 2 0 |a individualizmus 
610 2 0 |a kolektív 
610 2 0 |a muži 
610 2 0 |a ženy 
610 2 0 |a komunikácia 
610 2 0 |a socializácia 
610 2 0 |a riadenie ľudských zdrojov 
610 2 0 |a sily pracovné 
610 2 0 |a odmeňovanie 
610 2 0 |a výkonnosť 
610 2 0 |a stratégia podnikateľská 
610 2 0 |a účtovníctvo 
100 1 |a Šajgalíková, Helena 
700 1 |a Bajzíková, Ľubica 
700 1 |a Balhar, Víťazoslav 
700 1 |a Višňovský, Jozef